Thực hành lâm sàng : Tâm thần học
Sách tập hợp hơn 50 bài hướng dẫn lâm sàng về các rối loạn tâm thần phổ biến, đề cập chi tiết các triệu chứng, hướng dẫn cách khám từng loại rối loạn tâm thần, định hướng chẩn đoán và hướng dẫn cách điều trị tỉ mỉ, cụ thể...
Guardat en:
| Autor principal: | |
|---|---|
| Altres autors: | , , , , |
| Format: | Llibre |
| Idioma: | Vietnamese |
| Publicat: |
H.
Y học
2024
|
| Matèries: | |
| Etiquetes: |
Afegir etiqueta
Sense etiquetes, Sigues el primer a etiquetar aquest registre!
|
| Thư viện lưu trữ: | Thư viện Trường Đại học Nam Cần Thơ |
|---|
| LEADER | 01632nam a22002657a 4500 | ||
|---|---|---|---|
| 001 | NCT_4_019801 | ||
| 008 | 250516b xxu||||| |||| 00| 0 vie d | ||
| 999 | |c 8964 |d 8964 | ||
| 020 | |a 9786046664604 |c 210000 | ||
| 082 | 0 | 4 | |2 23rd ed. |a 616.8 |b H523 |
| 100 | 1 | |a Bùi Quang Huy |e Chủ biên | |
| 245 | 1 | 0 | |a Thực hành lâm sàng : |b Tâm thần học |c Bùi Quang Huy (Chủ biên) ; Đỗ Xuân Tĩnh, Đinh Việt Hùng, Nguyễn Việt Dũng,...(biên soạn) |
| 260 | |a H. |b Y học |c 2024 | ||
| 300 | |a 414 tr. |b Minh họa |c 24 cm | ||
| 520 | 3 | |a Sách tập hợp hơn 50 bài hướng dẫn lâm sàng về các rối loạn tâm thần phổ biến, đề cập chi tiết các triệu chứng, hướng dẫn cách khám từng loại rối loạn tâm thần, định hướng chẩn đoán và hướng dẫn cách điều trị tỉ mỉ, cụ thể | |
| 653 | |a Y Đa khoa | ||
| 700 | 1 | |a Đỗ Xuân Tĩnh |e Biên soạn | |
| 700 | 1 | |a Đinh Việt Hùng |e Biên soạn | |
| 700 | 1 | |a Nguyễn Văn Dũng |e Biên soạn | |
| 700 | 1 | |a Lê Văn Quân |e Biên soạn | |
| 700 | 1 | |a Nguyễn Mạnh Phát |e Biên soạn | |
| 942 | |2 ddc |c BK | ||
| 952 | |0 0 |1 0 |2 ddc |4 0 |6 616_800000000000000_H523 |7 0 |9 30726 |a 000001 |b 000001 |d 2025-05-16 |o 616.8 H523 |p MD. 23834 |r 2025-05-16 |v 210000.00 |w 2025-05-16 |y BK | ||
| 952 | |0 0 |1 0 |2 ddc |4 0 |6 616_800000000000000_H523 |7 0 |9 30727 |a 000001 |b 000001 |d 2025-05-16 |o 616.8 H523 |p MD. 23835 |r 2025-05-16 |v 210000.00 |w 2025-05-16 |y BK | ||
| 980 | |a Thư viện Trường Đại học Nam Cần Thơ | ||


